000 00603nam a2200217Ia 4500
008 131103s9999 xx 000 0 und d
020 _a070692376 6
_cRs.50
040 _aLoreto College
041 _aEnglish
082 _a370.7/KOU
_bLCLIB/39051
100 _aKoul,Lokesh
245 _aMethodology of educational Research
_cLokesh Koul
260 _aDelhi
_bVani Educational Books
_c1984
300 _axi,511 p.
_b ill.,fig.,tables
_c 9 cm.
504 _aIncludes references and index
630 _aRelated Topics
650 _aEducation
651 _aResearch
850 _aLCLIB
942 _cBK
999 _c3793
_d54272